Логика Д. Пуансо в контексте дихотомии "искусство-наука"; Вестник науки Сибири; № 3 (4)
| Parent link: | Вестник науки Сибири: электронный научный журнал/ Томский политехнический университет (ТПУ).— , 2011-.— 2226-0064 № 3 (4).— 2012.— [С. 235-245] |
|---|---|
| Yazar: | |
| Özet: | Заглавие с титульного листа Представлено рассмотрение логического учения Д. Пуансо (Иоанна св. Фомы) (1589-1644), изложенного им в трактате "Ars Logica", с точки зрения исторической традиции понимания логики как искусства и как науки. Продемонстрировано, что данная традиция находит свое продолжение и в более поздний период. |
| Dil: | Rusça |
| Baskı/Yayın Bilgisi: |
2012
|
| Seri Bilgileri: | Общественные науки |
| Konular: | |
| Online Erişim: | http://earchive.tpu.ru/handle/11683/15881 |
| Materyal Türü: | MixedMaterials Elektronik Kitap Bölümü |
| KOHA link: | https://koha.lib.tpu.ru/cgi-bin/koha/opac-detail.pl?biblionumber=480518 |
MARC
| LEADER | 00000naa2a2200000 4500 | ||
|---|---|---|---|
| 001 | 480518 | ||
| 005 | 20231101093545.0 | ||
| 035 | |a (RuTPU)RU\TPU\prd\147742 | ||
| 035 | |a RU\TPU\prd\147692 | ||
| 090 | |a 480518 | ||
| 100 | |a 20120821d2012 k y0rusy50 ca | ||
| 101 | 0 | |a rus | |
| 102 | |a RU | ||
| 135 | |a drnn ---uucaa | ||
| 181 | 0 | |a i | |
| 182 | 0 | |a b | |
| 200 | 1 | |a Логика Д. Пуансо в контексте дихотомии "искусство-наука" |f К. Д. Скрипник | |
| 203 | |a Текст |c электронный | ||
| 215 | |a 1 файл (154 Кб) | ||
| 225 | 1 | |a Общественные науки | |
| 230 | |a Электронные текстовые данные (1 файл : 154 Кб) | ||
| 300 | |a Заглавие с титульного листа | ||
| 320 | |a [Библиогр.: с. 244-245 (28 назв.)] | ||
| 330 | |a Представлено рассмотрение логического учения Д. Пуансо (Иоанна св. Фомы) (1589-1644), изложенного им в трактате "Ars Logica", с точки зрения исторической традиции понимания логики как искусства и как науки. Продемонстрировано, что данная традиция находит свое продолжение и в более поздний период. | ||
| 337 | |a Adobe Reader | ||
| 461 | 1 | |0 (RuTPU)RU\TPU\prd\143680 |x 2226-0064 |t Вестник науки Сибири |o электронный научный журнал |f Томский политехнический университет (ТПУ) |d 2011- | |
| 463 | 1 | |0 (RuTPU)RU\TPU\prd\146314 |t № 3 (4) |v [С. 235-245] |d 2012 | |
| 610 | 1 | |a логика | |
| 610 | 1 | |a искусство | |
| 610 | 1 | |a наука | |
| 610 | 1 | |a формальная логика | |
| 610 | 1 | |a материальная логика | |
| 610 | 1 | |a электронный ресурс | |
| 675 | |a 16(091)"17" |v 3 | ||
| 700 | 1 | |a Скрипник |b К. Д. |g Константин Дмитриевич | |
| 801 | 1 | |a RU |b 63413507 |c 20090623 |g PSBO | |
| 801 | 2 | |a RU |b 63413507 |c 20180116 |g PSBO | |
| 856 | 4 | |u http://earchive.tpu.ru/handle/11683/15881 | |
| 942 | |c BK | ||